00000000nam 2200000za 4500
0019.670612
003CaOODSP
00520240624082240
007ta
008150407|2008||||xxc|||||     f|0| 0 fre d
020 |a978-0-662-06201-1
022 |a1717-7596
040 |aCaOODSP|bfre
041 |aeng
041 |afre
043 |an-cn---
0861 |aCP1-3/2008
24500|aPour un gouvernement responsable : |bguide du ministre et du ministre d'État.
260 |a[Ottawa] : |bBureau du Conseil privé, |c2008.
300 |a74 p. ; |c24 cm.
5203 |aÉnonce les principes de base associés au rôle et aux responsabilités des ministres dans le système de gouvernement parlementaire responsable qui est le nôtre. Il traite du fondement de la responsabilité ministérielle, à la fois individuelle et collective, de même que des relations des ministres avec le Premier ministre et le Cabinet, de leur portefeuille et du Parlement. Il passe en revue les normes de conduite attendues des ministres et toute une série de questions administratives, procédurales et institutionnelles.
563 |aCouverture souple
590 |a09-41|b2009-10-09
69107|aGouvernance|2gcpds
7101 |aCanada. |bBureau du Conseil privé.
791 |tAccountable government : |eeng|w(CaOODSP)9.670611